[Event "1st  Behin Bazafarin Alborz Internationa"]
[Site "Tehran"]
[Date "2014.03.06"]
[Round "1.1"]
[White "Rasulov, Vugar"]
[Black "Ganjali, Hossein"]
[Result "1-0"]
[WhiteElo "2521"]
[BlackElo "1821"]
[PlyCount "69"]
[EventDate "2014.03.06"]

1. e4 e6 2. d4 d5 3. Nd2 Nc6 4. Ngf3 Nf6 5. e5 Nd7 6. c4 dxc4 7. Nxc4 Nb6 8.
Nxb6 axb6 9. Bd3 Be7 10. O-O Nb4 11. Be4 O-O 12. Bd2 Nd5 13. Qc2 g6 14. Bh6 Re8
15. a3 Bd7 16. Rfe1 c5 17. Qd2 Bc6 18. Rad1 c4 19. Bg5 Bxg5 20. Nxg5 Kg7 21.
Bf3 Nc7 22. Bxc6 bxc6 23. Re4 Qe7 24. Rf4 Rf8 25. Rf3 Nd5 26. Nxh7 Rh8 27. Nf6
Ra7 28. g3 b5 29. h4 Kf8 30. Ne4 Rd7 31. Kg2 Kg8 32. a4 b4 33. Rc1 c3 34. bxc3
bxc3 35. Rcxc3 1-0

[Event "1st  Behin Bazafarin Alborz Internationa"]
[Site "Tehran"]
[Date "2014.03.06"]
[Round "1.2"]
[White "Nezamivand Chegini, Yaser"]
[Black "Darini, Pouria"]
[Result "0-1"]
[WhiteElo "1814"]
[BlackElo "2510"]
[PlyCount "76"]
[EventDate "2014.03.06"]

1. e4 c5 2. Nf3 d6 3. Bb5+ Nd7 4. O-O a6 5. Bxd7+ Bxd7 6. d4 cxd4 7. Nxd4 Nf6
8. Nc3 g6 9. Bg5 Bg7 10. Qd2 O-O 11. Rfe1 Rc8 12. Nb3 Re8 13. f3 b5 14. Be3 b4
15. Ne2 a5 16. c3 a4 17. Nbd4 bxc3 18. bxc3 Qa5 19. Rab1 e5 20. Nc2 d5 21. Bb6
Qa8 22. Ng3 Qc6 23. c4 dxc4 24. Qf2 Be6 25. Nb4 Qa8 26. a3 c3 27. Ne2 Nd7 28.
Be3 f5 29. exf5 gxf5 30. f4 Rc4 31. Rbc1 Nf6 32. fxe5 Ng4 33. Qg3 Bxe5 34. Bf4
Qa7+ 35. Kf1 Rxf4+ 36. Nxf4 Bc4+ 37. Nfd3 Bxd3+ 38. Nxd3 Bxg3 0-1

[Event "1st  Behin Bazafarin Alborz Internationa"]
[Site "Tehran"]
[Date "2014.03.06"]
[Round "1.3"]
[White "Golizadeh, Asghar"]
[Black "Khastoo, Morteza"]
[Result "1-0"]
[WhiteElo "2508"]
[BlackElo "1808"]
[PlyCount "45"]
[EventDate "2014.03.06"]

1. e4 d6 2. d4 Nf6 3. Nc3 g6 4. f4 Bg7 5. Nf3 O-O 6. Bd3 c5 7. dxc5 dxc5 8. e5
Nd5 9. Nxd5 Qxd5 10. Qe2 Nc6 11. Be4 Qd8 12. c3 Qc7 13. O-O b6 14. b4 Bb7 15.
bxc5 bxc5 16. Rb1 Rab8 17. Be3 Ba8 18. h3 Nxe5 19. Bxa8 Rxa8 20. fxe5 Bxe5 21.
Nxe5 Qxe5 22. Qf2 Rac8 23. Bh6 1-0

[Event "1st  Behin Bazafarin Alborz Internationa"]
[Site "Tehran"]
[Date "2014.03.06"]
[Round "1.4"]
[White "Roohi, Behzad"]
[Black "Bajarani, Ulvi"]
[Result "0-1"]
[WhiteElo "1803"]
[BlackElo "2492"]
[PlyCount "52"]
[EventDate "2014.03.06"]

1. e4 c5 2. Nf3 d6 3. d4 cxd4 4. Qxd4 a6 5. c4 Nc6 6. Qd1 g6 7. Bd2 Bg7 8. Nc3
Nf6 9. h3 O-O 10. Rc1 Nd7 11. b3 Nc5 12. Qc2 f5 13. Nh4 Bxc3 14. Bxc3 Nxe4 15.
Nf3 e5 16. Rd1 Qb6 17. c5 Qxc5 18. Bc4+ Kg7 19. Rd5 Qb6 20. O-O Rf6 21. Rfd1
Nb4 22. Qb2 Nxc3 23. Qxc3 Nxd5 24. Bxd5 Be6 25. Bxe6 Rxe6 26. Qc4 Re7 0-1

[Event "1st  Behin Bazafarin Alborz Internationa"]
[Site "Tehran"]
[Date "2014.03.06"]
[Round "1.5"]
[White "Azaladze, Shota"]
[Black "Shams, Neghar"]
[Result "1-0"]
[WhiteElo "2482"]
[BlackElo "1803"]
[PlyCount "73"]
[EventDate "2014.03.06"]

1. Nf3 c5 2. g3 g6 3. Bg2 Bg7 4. O-O Nc6 5. c3 e5 6. e4 Nge7 7. d3 O-O 8. Nbd2
d6 9. a3 a5 10. a4 h6 11. Nc4 Be6 12. Nfd2 f5 13. exf5 Bxf5 14. Qe2 d5 15. Ne3
Be6 16. c4 Nd4 17. Qd1 Qd7 18. Nb3 b6 19. cxd5 Nxd5 20. Nxd4 exd4 21. Nc4 Rab8
22. Bd2 Bh3 23. Qb3 Bxg2 24. Kxg2 Kh7 25. Rae1 Qc6 26. Kg1 Rbe8 27. Rxe8 Rxe8
28. Re1 Rxe1+ 29. Bxe1 Qe6 30. Qd1 Nb4 31. Bxb4 axb4 32. Qf3 Qe1+ 33. Kg2 Qa1
34. Nxb6 Qxb2 35. Nc4 Qa2 36. a5 b3 37. Qb7 1-0

[Event "1st  Behin Bazafarin Alborz Internationa"]
[Site "Tehran"]
[Date "2014.03.06"]
[Round "1.6"]
[White "Ghadiri, Radmehr"]
[Black "Benidze, Davit"]
[Result "0-1"]
[WhiteElo "1786"]
[BlackElo "2479"]
[PlyCount "60"]
[EventDate "2014.03.06"]

1. d4 Nf6 2. c4 g6 3. Nc3 c5 4. d5 Bg7 5. e4 d6 6. f4 O-O 7. Nf3 e6 8. Bd3 exd5
9. cxd5 Na6 10. O-O Nc7 11. Re1 a6 12. a4 Rb8 13. Qe2 Re8 14. Qf1 b5 15. axb5
axb5 16. Nd2 c4 17. Bb1 b4 18. Ne2 c3 19. bxc3 bxc3 20. Nxc3 Nfxd5 21. Nxd5
Bxa1 22. Nxc7 Qxc7 23. Kh1 Bc3 24. Qd3 Ba6 25. Qxa6 Rxb1 26. Nxb1 Bxe1 27. Bb2
Rb8 28. Qe2 Qb6 29. Qxe1 Qxb2 30. Nd2 Qxd2 0-1

[Event "1st  Behin Bazafarin Alborz Internationa"]
[Site "Tehran"]
[Date "2014.03.06"]
[Round "1.8"]
[White "Ghavimi, Ghobad"]
[Black "Toufighi, Homayoon"]
[Result "0-1"]
[WhiteElo "1784"]
[BlackElo "2456"]
[PlyCount "44"]
[EventDate "2014.03.06"]

1. e4 e6 2. d4 d5 3. exd5 exd5 4. Nf3 Bd6 5. Bd3 Ne7 6. c3 Nbc6 7. Bg5 Bg4 8.
Nbd2 Qd7 9. Qc2 Qe6+ 10. Kf1 f6 11. Bh4 O-O-O 12. Re1 Qd7 13. Bxh7 g6 14. Bxg6
Nxg6 15. Qxg6 Bf5 16. Qxf6 Rdf8 17. Qxh8 Rxh8 18. Bg3 Re8 19. Ne5 Nxe5 20. dxe5
Qb5+ 21. Kg1 Qxb2 22. Nf3 Bc5 0-1

[Event "1st  Behin Bazafarin Alborz Internationa"]
[Site "Tehran"]
[Date "2014.03.06"]
[Round "1.9"]
[White "Javakhadze, Zurab"]
[Black "Bouyazadeh, Farid"]
[Result "1-0"]
[WhiteElo "2450"]
[BlackElo "1782"]
[PlyCount "37"]
[EventDate "2014.03.06"]

1. Nf3 Nf6 2. c4 c6 3. g3 d5 4. Bg2 Bf5 5. O-O e6 6. d3 Be7 7. Be3 Nbd7 8. Nc3
O-O 9. Qb3 b6 10. Nd4 Rc8 11. Nxf5 exf5 12. cxd5 cxd5 13. Nxd5 Nc5 14. Nxe7+
Qxe7 15. Qa3 Ng4 16. d4 Nxe3 17. fxe3 Rfe8 18. dxc5 bxc5 19. Rxf5 1-0

[Event "1st  Behin Bazafarin Alborz Internationa"]
[Site "Tehran"]
[Date "2014.03.06"]
[Round "1.11"]
[White "Mahjoob, Morteza"]
[Black "Falahatgar, Reza"]
[Result "1-0"]
[WhiteElo "2413"]
[BlackElo "1773"]
[PlyCount "61"]
[EventDate "2014.03.06"]

1. Nf3 Nf6 2. c4 g6 3. g3 Bg7 4. Bg2 O-O 5. O-O c5 6. Nc3 Nc6 7. d4 cxd4 8.
Nxd4 Qb6 9. Nc2 Qc5 10. Nd5 Qxc4 11. Nce3 Qc5 12. b4 Nxb4 13. Ba3 Nfxd5 14.
Nxd5 a5 15. Rc1 Qd4 16. Nxe7+ Kh8 17. Qb3 Qe5 18. Nd5 Qxe2 19. Nxb4 axb4 20.
Bxb4 d6 21. Bxd6 Be6 22. Qxb7 Rfd8 23. Qb6 Qa6 24. Bc7 Rg8 25. Bxa8 Qxa8 26.
Qc6 Qxa2 27. Rfd1 h5 28. Qc5 Kh7 29. Be5 Bh3 30. Qd5 Be6 31. Qe4 1-0

[Event "1st  Behin Bazafarin Alborz Internationa"]
[Site "Tehran"]
[Date "2014.03.06"]
[Round "1.12"]
[White "Ghasempour, Hossein"]
[Black "Roghani, Arash"]
[Result "1-0"]
[WhiteElo "1770"]
[BlackElo "2387"]
[PlyCount "47"]
[EventDate "2014.03.06"]

1. e4 e5 2. Nf3 Nc6 3. Bc4 Bc5 4. O-O d6 5. d3 Nf6 6. Bg5 h6 7. Bh4 g5 8. Bg3
h5 9. h4 Bg4 10. Nbd2 Ne7 11. c3 Ng6 12. Qb3 gxh4 13. Bxf7+ Kf8 14. Bxg6 Qd7
15. Nxh4 Rg8 16. Ndf3 Bb6 17. Bf5 Qe7 18. Rae1 Bxf3 19. d4 Bg4 20. Bxg4 Rxg4
21. Nf5 Qh7 22. Qe6 Rg6 23. Nh4 Rg5 24. Qxf6+ 1-0

[Event "1st  Behin Bazafarin Alborz Internationa"]
[Site "Tehran"]
[Date "2014.03.06"]
[Round "1.13"]
[White "Noroozi, Omid"]
[Black "Khodaverdian, Omid"]
[Result "1-0"]
[WhiteElo "2382"]
[BlackElo "1769"]
[PlyCount "79"]
[EventDate "2014.03.06"]

1. c4 g6 2. Nc3 Bg7 3. d4 Nf6 4. e4 d6 5. Be2 O-O 6. Bg5 c5 7. dxc5 Qa5 8. Bd2
Qxc5 9. Nf3 Bg4 10. Be3 Qa5 11. O-O Nc6 12. Rc1 Rac8 13. b3 a6 14. a4 Rfd8 15.
h3 Bxf3 16. Bxf3 e6 17. g3 Nd7 18. Bd2 Qc5 19. Bg2 Nde5 20. Be3 Qa5 21. Qd2 Qb4
22. Qc2 Na5 23. Rb1 Nexc4 24. bxc4 Qxc4 25. Bb6 Qxc3 26. Qxc3 Bxc3 27. Bxd8
Rxd8 28. Rfc1 Bd4 29. Kf1 e5 30. Rc7 Bc5 31. h4 b6 32. Ke1 Nc4 33. Rb3 Ra8 34.
Bf1 Na5 35. Rf3 Rf8 36. Bxa6 f5 37. exf5 gxf5 38. Rc8 Rxc8 39. Bxc8 Nc4 40.
Be6+ 1-0

[Event "1st  Behin Bazafarin Alborz Internationa"]
[Site "Tehran"]
[Date "2014.03.06"]
[Round "1.14"]
[White "Nazari Nia, Shahram"]
[Black "Ahmadinia, Ebrahim"]
[Result "0-1"]
[WhiteElo "1768"]
[BlackElo "2373"]
[PlyCount "44"]
[EventDate "2014.03.06"]

1. e4 g6 2. d4 Bg7 3. Nf3 d6 4. h3 Nf6 5. Bd3 O-O 6. O-O Nc6 7. c3 e5 8. d5 Ne7
9. Be3 h6 10. c4 Nd7 11. g4 f5 12. Nh4 fxg4 13. hxg4 Nxd5 14. Nxg6 Nxe3 15.
fxe3 Rxf1+ 16. Qxf1 Qg5 17. Qf5 Nc5 18. Qxg5 hxg5 19. Ne7+ Kf7 20. Nd5 Nxd3 21.
Nxc7 Rb8 22. Nc3 Bxg4 0-1

[Event "1st  Behin Bazafarin Alborz Internationa"]
[Site "Tehran"]
[Date "2014.03.06"]
[Round "1.15"]
[White "Darban, Morteza"]
[Black "Davoodi, Milad"]
[Result "1-0"]
[WhiteElo "2365"]
[BlackElo "1765"]
[PlyCount "55"]
[EventDate "2014.03.06"]

1. e4 e6 2. d4 d5 3. Nd2 dxe4 4. Nxe4 Nd7 5. Bd3 Ngf6 6. Qe2 Nxe4 7. Bxe4 Nf6
8. Bxb7 Rb8 9. Bxc8 Qxc8 10. Nf3 Be7 11. O-O O-O 12. c4 Qa6 13. b3 Rxb3 14.
axb3 Qxa1 15. d5 Qa6 16. dxe6 Qxe6 17. Qxe6 fxe6 18. Re1 Bb4 19. Rd1 Ba5 20.
Be3 Rb8 21. h3 h6 22. Ra1 Bc3 23. Rxa7 Rxb3 24. Rxc7 e5 25. Nh4 e4 26. g4 Kh7
27. Nf5 Ne8 28. Re7 1-0

[Event "1st  Behin Bazafarin Alborz Internationa"]
[Site "Tehran"]
[Date "2014.03.07"]
[Round "2.1"]
[White "Sedghi, Babak"]
[Black "Rasulov, Vugar"]
[Result "0-1"]
[WhiteElo "2050"]
[BlackElo "2521"]
[PlyCount "96"]
[EventDate "2014.03.06"]

1. d4 Nf6 2. c4 c5 3. d5 e6 4. Nc3 exd5 5. cxd5 Bd6 6. g3 O-O 7. Bg2 Bc7 8. d6
Ba5 9. Nh3 Nc6 10. O-O Bxc3 11. bxc3 Re8 12. Nf4 b6 13. Re1 Ba6 14. e4 Ne5 15.
Nd5 Nxd5 16. Qxd5 Nd3 17. Rd1 Re5 18. Qb3 c4 19. Qc2 Qe8 20. Qe2 Bb7 21. Bf4
Rxe4 22. Bxe4 Qxe4 23. Qxe4 Bxe4 24. a4 Bf3 25. Rd2 f6 26. Be3 Kf7 27. a5 b5
28. a6 Ke6 29. Rb1 Bc6 30. Bf4 g5 31. Re2+ Kd5 32. Be3 Kxd6 33. Bd4 Ne5 34.
Bxe5+ fxe5 35. Rd1+ Ke6 36. Rde1 d6 37. f4 gxf4 38. gxf4 Rg8+ 39. Kf2 Rf8 40.
Ke3 Rxf4 41. Rf2 Rh4 42. Ref1 Rh3+ 43. Ke2 Be4 44. Kd2 Bg6 45. Rf6+ Kd5 46.
R1f2 Rd3+ 47. Kc2 b4 48. Rd2 b3+ 0-1

[Event "1st  Behin Bazafarin Alborz Internationa"]
[Site "Tehran"]
[Date "2014.03.07"]
[Round "2.2"]
[White "Darini, Pouria"]
[Black "Kanzi, Hesamodin"]
[Result "1-0"]
[WhiteElo "2510"]
[BlackElo "2051"]
[PlyCount "65"]
[EventDate "2014.03.06"]

1. e4 c6 2. d4 d5 3. e5 Bf5 4. Nf3 e6 5. Be2 Nd7 6. O-O h6 7. Nbd2 Ne7 8. Nb3
Rc8 9. Bd2 c5 10. Nxc5 Nxc5 11. dxc5 Nc6 12. b4 Bg4 13. Re1 Qc7 14. Bc3 g6 15.
Nd4 Bxe2 16. Qxe2 Nxd4 17. Bxd4 Bg7 18. a4 O-O 19. Ra3 Rfd8 20. h4 a5 21. b5
Bf8 22. Rc3 Qd7 23. h5 Rc7 24. Qg4 Qe8 25. Ree3 Rdc8 26. Rg3 Kh7 27. hxg6+ fxg6
28. Rcf3 Bg7 29. Qf4 Qe7 30. Qd2 Rxc5 31. Bxc5 Rxc5 32. Rxg6 Rc4 33. Rfg3 1-0

[Event "1st  Behin Bazafarin Alborz Internationa"]
[Site "Tehran"]
[Date "2014.03.07"]
[Round "2.3"]
[White "Hejazi, Seyed Mehdi"]
[Black "Golizadeh, Asghar"]
[Result "0-1"]
[WhiteElo "2040"]
[BlackElo "2508"]
[PlyCount "96"]
[EventDate "2014.03.06"]

1. Nf3 c5 2. c4 Nc6 3. g3 g6 4. Bg2 Bg7 5. O-O d6 6. Nc3 e5 7. d3 Nge7 8. a3
O-O 9. Rb1 a5 10. Nd2 Be6 11. Nd5 Rb8 12. b3 b5 13. Bb2 Qd7 14. Nxe7+ Nxe7 15.
Ne4 a4 16. Nc3 bxc4 17. bxc4 Rb3 18. Ba1 Rfb8 19. Rxb3 Rxb3 20. Qc2 Nc6 21. Qa2
Na5 22. Rb1 Qe8 23. Ne4 Qb8 24. Nd2 Rb6 25. Rxb6 Qxb6 26. Bc3 f5 27. f4 Bf6 28.
e4 Kf7 29. Qc2 Bd7 30. exf5 gxf5 31. Bd5+ Ke7 32. Qd1 Be8 33. Qe1 Nc6 34. Nf3
Nd4 35. fxe5 dxe5 36. Nxe5 Kf8 37. Bxd4 cxd4 38. Nf3 Bd7 39. Qc1 Kg7 40. h4 Qb3
41. Ne1 Be7 42. Qf4 Qxa3 43. Qb8 Qd6 44. Qg8+ Kh6 45. Kg2 Qg6 46. Qxg6+ hxg6
47. c5 Bxc5 48. Nc2 Bb5 0-1

[Event "1st  Behin Bazafarin Alborz Internationa"]
[Site "Tehran"]
[Date "2014.03.07"]
[Round "2.4"]
[White "Bajarani, Ulvi"]
[Black "Sheykhhasani, Bardia"]
[Result "1-0"]
[WhiteElo "2492"]
[BlackElo "2041"]
[PlyCount "97"]
[EventDate "2014.03.06"]

1. e4 e6 2. d4 d5 3. Nd2 Nf6 4. e5 Nfd7 5. Bd3 c5 6. c3 Nc6 7. Ne2 cxd4 8. cxd4
f6 9. exf6 Nxf6 10. O-O Bd6 11. Nf3 O-O 12. Bf4 Bxf4 13. Nxf4 Ne4 14. Qc1 Ng5
15. Nxg5 Qxg5 16. Bxh7+ Kxh7 17. Nxe6 Qf5 18. Nxf8+ Qxf8 19. Re1 Bf5 20. Qg5
Rd8 21. Re3 Rd6 22. Rae1 Qf7 23. Rf3 Rf6 24. a3 Qg6 25. Qh4+ Qh6 26. Qxh6+ Kxh6
27. Rd1 a5 28. Rc3 Kg6 29. f3 Kf7 30. h4 Ke7 31. g4 Bd7 32. Kg2 Kd6 33. Kg3 Re6
34. b3 b5 35. h5 b4 36. axb4 axb4 37. Rcd3 Na5 38. Kf2 Rf6 39. Ra1 Bb5 40. Rdd1
Nxb3 41. Ra7 g5 42. Rb7 Kc6 43. Rg7 Kd6 44. Rxg5 Na5 45. Rg8 Rh6 46. Rh1 Bd3
47. g5 Re6 48. h6 Nc6 49. g6 1-0

[Event "1st  Behin Bazafarin Alborz Internationa"]
[Site "Tehran"]
[Date "2014.03.07"]
[Round "2.5"]
[White "Roozbayan, Reza"]
[Black "Azaladze, Shota"]
[Result "1/2-1/2"]
[WhiteElo "2032"]
[BlackElo "2482"]
[PlyCount "108"]
[EventDate "2014.03.06"]

1. Nf3 g6 2. c4 Bg7 3. Nc3 c5 4. g3 Nc6 5. Bg2 d6 6. O-O e5 7. a3 Nge7 8. Rb1
a5 9. d3 O-O 10. Ne1 Be6 11. Nc2 d5 12. cxd5 Nxd5 13. Ne3 Nb6 14. b3 Rb8 15.
Nc4 Nd5 16. Bd2 b6 17. Re1 Qd7 18. Qc1 Rfd8 19. h4 Nd4 20. Ne4 Bg4 21. f3 Bh3
22. Bh6 Bxg2 23. Kxg2 f6 24. Bxg7 Kxg7 25. h5 gxh5 26. Qd2 Kh8 27. Rh1 Rg8 28.
Kf2 f5 29. Ng5 Qe7 30. Rxh5 Nf6 31. Nxe5 Rbf8 32. Nxh7 Nxh7 33. Rbh1 Rf6 34.
Rxh7+ Qxh7 35. Rxh7+ Kxh7 36. Qc3 Rh6 37. Qc4 Rg7 38. e3 Rh2+ 39. Kf1 Ne2 40.
g4 Ng3+ 41. Ke1 Re2+ 42. Kd1 Rg2 43. Qf4 Rg1+ 44. Kd2 Rg2+ 45. Ke1 b5 46. g5
Rxg5 47. Qxg5 Rg1+ 48. Kf2 Ne4+ 49. Kxg1 Nxg5 50. Kf2 f4 51. Nc6 Nh3+ 52. Ke2
Ng1+ 53. Kf2 Nh3+ 54. Ke2 Ng1+ 1/2-1/2

[Event "1st  Behin Bazafarin Alborz Internationa"]
[Site "Tehran"]
[Date "2014.03.07"]
[Round "2.6"]
[White "Benidze, Davit"]
[Black "Rostami, Rouzbeh"]
[Result "1-0"]
[WhiteElo "2479"]
[BlackElo "2033"]
[PlyCount "63"]
[EventDate "2014.03.06"]

1. d4 Nf6 2. c4 g6 3. Nc3 Bg7 4. e4 d6 5. f3 O-O 6. Be3 Nbd7 7. Qd2 c5 8. d5 a6
9. a4 Qa5 10. Nb1 Qxd2+ 11. Nxd2 e6 12. Ne2 Ne8 13. Nc3 Bxc3 14. bxc3 e5 15.
Bd3 Kg7 16. Ke2 a5 17. g3 b6 18. f4 f6 19. h4 h6 20. Rh2 Ra7 21. Rah1 f5 22. h5
fxe4 23. Nxe4 exf4 24. gxf4 g5 25. fxg5 Ne5 26. gxh6+ Kh8 27. Rf2 Raf7 28. Rxf7
Rxf7 29. Ng5 Re7 30. Rf1 Bg4+ 31. Kd2 Nd7 32. Nf7+ 1-0

[Event "1st  Behin Bazafarin Alborz Internationa"]
[Site "Tehran"]
[Date "2014.03.07"]
[Round "2.7"]
[White "Toufighi, Homayoon"]
[Black "Cheraghi, Amin"]
[Result "1/2-1/2"]
[WhiteElo "2456"]
[BlackElo "2028"]
[PlyCount "103"]
[EventDate "2014.03.06"]

1. e4 c6 2. Nf3 d5 3. Nc3 Nf6 4. e5 Ne4 5. Be2 Bf5 6. Nh4 e6 7. Nxf5 exf5 8.
O-O Nd7 9. d4 Nxc3 10. bxc3 Be7 11. Bd3 g6 12. f4 h5 13. c4 Nb6 14. c5 Nd7 15.
c4 Nf8 16. Rb1 Rb8 17. Be3 Ne6 18. Qa4 O-O 19. Qxa7 Nxd4 20. Rfd1 Ra8 21. Qxb7
Bxc5 22. Kh1 Rxa2 23. Bf1 Ne6 24. cxd5 cxd5 25. Rxd5 Qc8 26. Qxc8 Rxc8 27. Rc1
Ra5 28. g3 Kg7 29. Bd2 Raa8 30. Be1 Be3 31. Rcd1 Ra2 32. R5d3 Ba7 33. R3d2 Rxd2
34. Bxd2 Rd8 35. Be2 Rd7 36. Ba5 Rxd1+ 37. Bxd1 h4 38. Bd2 hxg3 39. hxg3 Bd4
40. Bb3 Nc5 41. Bd5 Ne4 42. Be1 Bf2 43. Bxf2 Nxf2+ 44. Kg2 Ng4 45. Bf3 Nh6 46.
Kf2 Kf8 47. Ke3 Ke7 48. Kd4 Ng8 49. Kc5 Nh6 50. Kc6 Ng8 51. Bd5 Nh6 52. Ba2
1/2-1/2

[Event "1st  Behin Bazafarin Alborz Internationa"]
[Site "Tehran"]
[Date "2014.03.07"]
[Round "2.8"]
[White "Godarz, Kasra"]
[Black "Javakhadze, Zurab"]
[Result "1/2-1/2"]
[WhiteElo "2027"]
[BlackElo "2450"]
[PlyCount "146"]
[EventDate "2014.03.06"]

1. e4 e5 2. Nf3 Nc6 3. Bb5 a6 4. Ba4 d6 5. c3 Bd7 6. d4 Nf6 7. O-O Be7 8. Re1
O-O 9. Bg5 b5 10. Bb3 h6 11. Bh4 Bg4 12. Bxf6 Bxf6 13. Bd5 Qe8 14. Bxc6 Qxc6
15. Nxe5 dxe5 16. Qxg4 exd4 17. e5 Be7 18. cxd4 Rad8 19. Nc3 f5 20. Qd1 Qc4 21.
Ne2 c5 22. b3 Qf7 23. e6 Qf6 24. d5 f4 25. Qd3 Qg5 26. Rad1 Rf5 27. Qf3 b4 28.
Rd3 a5 29. Red1 Bd6 30. h3 Qf6 31. Nc1 g5 32. R3d2 Qg6 33. Re1 Kf8 34. Nd3 Ke7
35. Nxc5 Bxc5 36. d6+ Rxd6 37. Qb7+ Kf6 38. Rxd6 Bxd6 39. e7 Qe8 40. Qa6 Rd5
41. h4 gxh4 42. Qc4 Re5 43. Qxf4+ Ke6 44. Qxh6+ Kd7 45. Rxe5 Bxe5 46. Qxh4 Qxe7
47. Qc4 Bc7 48. g3 Qd6 49. Qf7+ Kc6 50. Qc4+ Qc5 51. Qe6+ Kb7 52. Qe2 Kb6 53.
Kg2 Qd5+ 54. f3 Be5 55. Kh2 Kc5 56. f4 Bc3 57. Qe3+ Kd6 58. g4 Bd4 59. Qe2 Qc6
60. Qd3 Qd5 61. Qe2 Bb6 62. Kg3 Qd4 63. g5 Qg1+ 64. Kf3 Qh1+ 65. Kg4 Qd5 66.
Qa6 Qd1+ 67. Kf5 Qc2+ 68. Kf6 Kc7 69. f5 Qc6+ 70. Kf7 Qd7+ 71. Kg6 Qe8+ 72. Kg7
Qe5+ 73. Kg6 Qe8+ 1/2-1/2

[Event "1st  Behin Bazafarin Alborz Internationa"]
[Site "Tehran"]
[Date "2014.03.07"]
[Round "2.9"]
[White "Sharbaf, Mohsen"]
[Black "Abed, Meisam"]
[Result "1-0"]
[WhiteElo "2434"]
[BlackElo "2018"]
[PlyCount "53"]
[EventDate "2014.03.06"]

1. g3 Nf6 2. Bg2 e6 3. d3 d5 4. Nd2 c5 5. Ngf3 Nc6 6. O-O Be7 7. e4 O-O 8. Re1
a5 9. e5 Nd7 10. Nf1 b5 11. h4 b4 12. N1h2 Ba6 13. Bf4 Rc8 14. Qe2 Qb6 15. Rad1
c4 16. Ng5 Nd4 17. Qh5 Bxg5 18. hxg5 Nxc2 19. Ng4 Kh8 20. Nf6 gxf6 21. gxf6
Nxe1 22. Bh6 Nxe5 23. Bg7+ Kg8 24. Qxe5 d4 25. Qg5 Qc5 26. Qh6 Nxg2 27. Bh8 1-0

[Event "1st  Behin Bazafarin Alborz Internationa"]
[Site "Tehran"]
[Date "2014.03.07"]
[Round "2.10"]
[White "Taavoni, Rahim"]
[Black "Mahjoob, Morteza"]
[Result "0-1"]
[WhiteElo "2015"]
[BlackElo "2413"]
[PlyCount "60"]
[EventDate "2014.03.06"]

1. c4 e5 2. Nc3 f5 3. g3 Nf6 4. Bg2 Nc6 5. d3 g6 6. Nf3 d6 7. O-O Bg7 8. Rb1 h6
9. b4 g5 10. b5 Ne7 11. c5 g4 12. Nd2 d5 13. e4 fxe4 14. dxe4 d4 15. Na4 Be6
16. a3 O-O 17. Re1 Qe8 18. Bf1 Qf7 19. Qe2 Nh7 20. Nb2 Ng5 21. Nd3 Qh5 22. h4
Nf3+ 23. Nxf3 gxf3 24. Qd2 Ng6 25. Rd1 Nxh4 26. Nb2 Ng6 27. Qe1 Kh7 28. Rd3 Nf4
29. Bxf4 exf4 30. Nd1 Be5 0-1

[Event "1st  Behin Bazafarin Alborz Internationa"]
[Site "Tehran"]
[Date "2014.03.07"]
[Round "2.12"]
[White "Ahmadinia, Ebrahim"]
[Black "Bashirinia, Omid"]
[Result "1-0"]
[WhiteElo "2373"]
[BlackElo "2012"]
[PlyCount "79"]
[EventDate "2014.03.06"]

1. e4 c6 2. d4 d5 3. Nc3 dxe4 4. Nxe4 Bf5 5. Ng3 Bg6 6. Nh3 e6 7. Nf4 Bd6 8. c3
Nf6 9. h4 Qc7 10. Qf3 Nbd7 11. h5 Bc2 12. h6 g6 13. Nd3 O-O 14. Bg5 Nd5 15. c4
f6 16. Bd2 Ne7 17. Nb4 Bxb4 18. Bxb4 Rfe8 19. Rc1 Bf5 20. Be2 c5 21. dxc5 Nxc5
22. O-O b6 23. Bc3 e5 24. b4 Ne6 25. c5 Nf4 26. Bc4+ Kf8 27. Nxf5 Nxf5 28. g3
Nh3+ 29. Kh2 Ng5 30. Qd5 Rad8 31. Qh1 Nxh6 32. Kg1 Nf5 33. Bb5 Re7 34. Rfd1
Rxd1+ 35. Rxd1 bxc5 36. Qa8+ Kg7 37. Rd8 Qb7 38. Rg8+ Kh6 39. Qf8+ Rg7 40. Rxg7
1-0

[Event "1st  Behin Bazafarin Alborz Internationa"]
[Site "Tehran"]
[Date "2014.03.07"]
[Round "2.13"]
[White "Khorsandi, Arian"]
[Black "Darban, Morteza"]
[Result "1/2-1/2"]
[WhiteElo "2002"]
[BlackElo "2365"]
[PlyCount "120"]
[EventDate "2014.03.06"]

1. e4 c5 2. c3 Nf6 3. e5 Nd5 4. d4 cxd4 5. cxd4 d6 6. Nf3 Nc6 7. Bc4 Nb6 8. Bb5
d5 9. Nh4 e6 10. Nf3 Be7 11. Nc3 Bd7 12. Bd3 Rc8 13. O-O Nb4 14. Bb1 Nc4 15.
Ne2 Bb5 16. Nf4 Nb6 17. Re1 Qc7 18. Nh5 Nc2 19. Bxc2 Qxc2 20. Nxg7+ Kd7 21. Nh5
Qxd1 22. Rxd1 Be2 23. Re1 Rc2 24. Ng3 Bxf3 25. gxf3 Rhc8 26. f4 Nc4 27. b3 Nd2
28. Bxd2 Rxd2 29. Re2 Rxd4 30. f5 Rc3 31. Kg2 a5 32. Rf1 Rf4 33. fxe6+ fxe6 34.
Rd1 Ke8 35. h3 Kf7 36. Red2 Bh4 37. Rd3 Rc8 38. Rd4 Bxg3 39. Kxg3 Rf5 40. f4
Ke7 41. b4 Rc3+ 42. R1d3 axb4 43. Rxc3 bxc3 44. Rd3 d4 45. Rxd4 b5 46. Rd3 b4
47. Rd4 Rf8 48. Rxb4 Rc8 49. Rb1 c2 50. Rc1 Rc3+ 51. Kg4 Kd7 52. f5 Rc4+ 53.
Kg5 exf5 54. Kxf5 Kc6 55. Ke6 Kc5 56. Kf7 Kd4 57. e6 Kd3 58. e7 Rf4+ 59. Kg7
Re4 60. Kf7 Rf4+ 1/2-1/2

[Event "1st  Behin Bazafarin Alborz Internationa"]
[Site "Tehran"]
[Date "2014.03.07"]
[Round "2.14"]
[White "Ardeshi, Mehrdad"]
[Black "Abedini, Morteza"]
[Result "1-0"]
[WhiteElo "2344"]
[BlackElo "2007"]
[PlyCount "123"]
[EventDate "2014.03.06"]

1. e4 e5 2. Nf3 Nc6 3. Bb5 Nf6 4. d3 Bc5 5. c3 Qe7 6. O-O Bb6 7. Nbd2 d6 8. Nc4
h6 9. a4 a6 10. Nxb6 cxb6 11. Bc4 Be6 12. Re1 O-O 13. b3 Na5 14. Bxe6 Qxe6 15.
c4 Nc6 16. d4 Ne7 17. Qd3 Ng6 18. Be3 Nd7 19. Rad1 Rad8 20. Rd2 Qf6 21. Red1
Nf4 22. Bxf4 Qxf4 23. dxe5 Nxe5 24. Nxe5 dxe5 25. Qxd8 Rxd8 26. Rxd8+ Kh7 27.
Re1 Qg4 28. Rd6 b5 29. axb5 axb5 30. cxb5 Qc8 31. h3 f6 32. Re3 h5 33. h4 Qc7
34. Rd5 Kh6 35. g3 Kg6 36. Kg2 Qc2 37. Rd7 b6 38. Rb7 Qc5 39. Rd3 Qc2 40. Rbd7
Qe2 41. Re3 Qxb5 42. Red3 Qb4 43. Kf3 Qe1 44. Rd1 Qc3+ 45. R7d3 Qc2 46. Ke3
Qc5+ 47. Ke2 Qb4 48. f3 b5 49. g4 Qc5 50. gxh5+ Kxh5 51. Rd7 Qc2+ 52. R1d2 Qxb3
53. Rxg7 Qc3 54. Rdd7 Qc2+ 55. Kf1 Qc4+ 56. Kf2 Qc5+ 57. Kg2 Qc2+ 58. Kg3 f5
59. Rh7+ Kg6 60. h5+ Kf6 61. Rd6+ Kg5 62. Rg6# 1-0

[Event "1st  Behin Bazafarin Alborz Internationa"]
[Site "Tehran"]
[Date "2014.03.07"]
[Round "2.15"]
[White "Aliei, Mohammad"]
[Black "Khaghani, Babak"]
[Result "0-1"]
[WhiteElo "1999"]
[BlackElo "2344"]
[PlyCount "66"]
[EventDate "2014.03.06"]

1. d4 d5 2. Bf4 Nf6 3. e3 e6 4. Nd2 Bd6 5. Bg3 Bxg3 6. hxg3 Qd6 7. Bd3 e5 8.
dxe5 Qxe5 9. c3 O-O 10. Qc2 h6 11. Ngf3 Qe7 12. O-O-O c5 13. Rh4 Nc6 14. Rdh1
Ng4 15. Bh7+ Kh8 16. Bf5 Nxf2 17. R1h2 Qxe3 18. Bxc8 Raxc8 19. Kb1 f5 20. Nf1
Qd3 21. Qxd3 Nxd3 22. Ne3 d4 23. cxd4 cxd4 24. Nc2 Ncb4 25. Nfxd4 Nxc2 26. Nxc2
Rfe8 27. a3 Re2 28. Rd4 Rcxc2 29. Rxd3 Rxb2+ 30. Ka1 Rbd2 31. Rxd2 Rxd2 32. Rh5
Rxg2 33. Rxf5 Rxg3 0-1

[Event "1st  Behin Bazafarin Alborz Internationa"]
[Site "Tehran"]
[Date "2014.03.07"]
[Round "3.1"]
[White "Rasulov, Vugar"]
[Black "Pilvaieh, Ali"]
[Result "1-0"]
[WhiteElo "2521"]
[BlackElo "2174"]
[PlyCount "67"]
[EventDate "2014.03.06"]

1. e4 c5 2. Nf3 Nc6 3. d4 cxd4 4. Nxd4 g6 5. Nc3 Bg7 6. Be3 Nf6 7. Bc4 d6 8. f3
O-O 9. Qd2 Bd7 10. h4 Rc8 11. Bb3 h5 12. O-O-O Ne5 13. Bg5 Rc5 14. Kb1 a5 15.
a4 Nc4 16. Qd3 Ne5 17. Qe3 Nc4 18. Qe2 Qc8 19. Bxf6 Bxf6 20. Nd5 Rxd5 21. exd5
Ne5 22. Nb5 Qc5 23. c3 Rc8 24. Ka2 Qb6 25. Rd4 Rc5 26. Na3 Qa7 27. g4 hxg4 28.
fxg4 Qb8 29. g5 Bg7 30. h5 Bf5 31. hxg6 Nxg6 32. Qf3 Qc8 33. Rf1 Bxd4 34. cxd4
1-0